[Event "ODJM C 2018"]
[Site "Willingen GER"]
[Date "2018.05.20"]
[Round "1"]
[White "Shapiro, Danil"]
[Black "Ahrens, Merle"]
[Result "1-0"]
[Termination "normal"]
[Board "15"]
[WhiteElo "1238"]
[BlackElo "1008"]
[PlyCount "119"]
[WhiteFideId "16260015"]
[BlackFideId "16266200"]
[EventCountry "GER"]
[EventRounds "9"]
[EventType "swiss"]
[EventDate "2018.05.19"]

1. e4 e5 2. Bc4 Nf6 3. d3 Bc5 4. Nc3 O-O 5. f4 d6 6. Nf3 Ng4 7. Rf1 Be3 8. Bxe3
Nxe3 9. Qd2 Nxf1 10. Kxf1 exf4 11. Qxf4 Be6 12. Nd5 c6 13. Ne3 Bxc4 14. Nxc4 d5
15. Nd6 Qb6 16. Rb1 Qc7 17. Ng5 h6 18. Ngxf7 Rxf7 19. Qxf7+ Qxf7+ 20. Nxf7 Kxf7
21. exd5 cxd5 22. Re1 Nc6 23. c3 d4 24. Kf2 dxc3 25. bxc3 Rd8 26. Rf1 Ne5 27.
d4 Ng6 28. Ke3+ Ke6 29. g3 Rc8 30. Kd3 Ne7 31. Re1+ Kd6 32. c4 b6 33. Rf1 Rg8
34. Rf7 a5 35. d5 Nc8 36. Kd4 Ne7 37. a4 Kd7 38. Ke5 Rc8 39. Kd4 g5 40. g4 Kd6
41. Rh7 Rf8 42. Rxh6+ Kc7 43. d6+ Kd7 44. dxe7 Rf4+ 45. Kd5 Rf7 46. Re6 Rxe7
47. Rxe7+ Kxe7 48. Kc6 Ke6 49. Kxb6 Ke5 50. c5 Kf4 51. c6 Kxg4 52. c7 Kh3 53.
c8=Q+ Kxh2 54. Qg4 Kh1 55. Qxg5 Kh2 56. Kc5 Kh3 57. Kd4 Kh2 58. Ke3 Kh3 59. Kf3
Kh2 60. Qg2# 1-0

[Event "ODJM C 2018"]
[Site "Willingen GER"]
[Date "2018.05.20"]
[Round "1"]
[White "Wellßow, Lio Keanu"]
[Black "Heß, Wadim"]
[Result "0-1"]
[Termination "normal"]
[Board "16"]
[WhiteElo "1004"]
[BlackElo "1235"]
[PlyCount "70"]
[WhiteFideId "16252837"]
[BlackFideId "16266129"]
[EventCountry "GER"]
[EventRounds "9"]
[EventType "swiss"]
[EventDate "2018.05.19"]

1. e4 d5 2. Nc3 d4 3. Nd5 e5 4. Nf3 c6 5. Bc4 cxd5 6. Bxd5 Bd6 7. d3 Nf6 8. Bc4
h6 9. Bd2 Nc6 10. O-O Bg4 11. h3 Bh5 12. c3 Qd7 13. Bb5 a6 14. Qa4 O-O 15. Bxc6
bxc6 16. Nh4 Be2 17. Rfe1 Bxd3 18. cxd4 Nxe4 19. d5 Bb5 20. Qxe4 cxd5 21. Qxd5
Bc6 22. Qd3 e4 23. Qc4 Be7 24. Rec1 Bxh4 25. Qxc6 Qxd2 26. Rc2 Bxf2+ 27. Kh1
Qd4 28. Rf1 Bg3 29. Rc3 e3 30. Qc4 Qxc4 31. Rxc4 e2 32. Rg1 Rfe8 33. Rg4 e1=Q
34. Rd4 Qxg1+ 35. Kxg1 Re1# 0-1

[Event "ODJM C 2018"]
[Site "Willingen GER"]
[Date "2018.05.20"]
[Round "1"]
[White "Noever, Jonas"]
[Black "Sieber, Cassandra"]
[Result "1-0"]
[Termination "normal"]
[Board "17"]
[WhiteElo "1204"]
[BlackElo "1001"]
[PlyCount "45"]
[WhiteFideId "16266137"]
[BlackFideId "16266218"]
[EventCountry "GER"]
[EventRounds "9"]
[EventType "swiss"]
[EventDate "2018.05.19"]

1. e4 e5 2. Nf3 Nc6 3. d4 exd4 4. Nxd4 d5 5. Bb5 Nge7 6. Nc3 a6 7. exd5 axb5 8.
dxc6 bxc6 9. O-O b4 10. Ne4 Qd5 11. Re1 c5 12. Nf3 Bf5 13. Nf6+ gxf6 14. Qxd5
Bxc2 15. Qc6+ Kd8 16. Qxa8+ Nc8 17. Qd5+ Nd6 18. Re2 Bf5 19. Bf4 Rg8 20. Bxd6
Rg4 21. Bxf8+ Bd7 22. Qa8+ Bc8 23. Rd1+ 1-0

[Event "ODJM C 2018"]
[Site "Willingen GER"]
[Date "2018.05.20"]
[Round "1"]
[White "Wilmink, Luca"]
[Black "Muhina, Liana"]
[Result "0-1"]
[Termination "normal"]
[Board "18"]
[WhiteElo "1267"]
[BlackElo "1203"]
[PlyCount "64"]
[WhiteFideId "16245253"]
[BlackFideId "16266145"]
[EventCountry "GER"]
[EventRounds "9"]
[EventType "swiss"]
[EventDate "2018.05.19"]

1. e4 d5 2. exd5 Qxd5 3. Nc3 Qa5 4. d4 Nf6 5. Bd2 c6 6. Bc4 Bf5 7. Nf3 Bg4 8.
h3 Bh5 9. O-O e6 10. Qe2 Qd8 11. Bf4 Be7 12. Rad1 O-O 13. Qd3 Bg6 14. Qe3 Nd5
15. Nxd5 cxd5 16. Bd3 Bh5 17. b3 Bh4 18. c4 Bf6 19. Rc1 Nc6 20. Be5 Nxe5 21.
Nxe5 Bg5 22. Qg3 Bxc1 23. Rxc1 Rc8 24. Bb1 dxc4 25. Nxc4 b5 26. Qe3 bxc4 27.
bxc4 Bg6 28. Bxg6 hxg6 29. h4 Qxh4 30. Kf1 Rb8 31. d5 Rb2 32. Qxa7 Qh1# 0-1

[Event "ODJM C 2018"]
[Site "Willingen GER"]
[Date "2018.05.20"]
[Round "1"]
[White "Kretschmer, Sven"]
[Black "Grunert, Heinrich"]
[Result "1/2-1/2"]
[Termination "normal"]
[Board "19"]
[WhiteElo "1201"]
[BlackElo "1212"]
[PlyCount "59"]
[WhiteFideId "16234650"]
[BlackFideId "16213416"]
[EventCountry "GER"]
[EventRounds "9"]
[EventType "swiss"]
[EventDate "2018.05.19"]

1. e4 e5 2. Nf3 Nc6 3. Bc4 Bc5 4. d3 d6 5. h3 Nf6 6. Bg5 h6 7. Be3 Bxe3 8. fxe3
O-O 9. O-O Nb4 10. Qd2 Nc6 11. Nc3 Be6 12. Bb3 Bxb3 13. axb3 d5 14. exd5 Nxd5
15. e4 Nxc3 16. Qxc3 Re8 17. b4 Nd4 18. Kh1 Nxf3 19. Rxf3 Qg5 20. Qxc7 Re7 21.
Qc5 b6 22. Qd5 Rc8 23. Raf1 Rxc2 24. Qd8+ Kh7 25. R3f2 Rxf2 26. Rxf2 Qc1+ 27.
Kh2 Qc7 28. Qxc7 Rxc7 29. Kg3 Kg6 30. Kf3 1/2-1/2

[Event "ODJM C 2018"]
[Site "Willingen GER"]
[Date "2018.05.20"]
[Round "1"]
[White "Margaryan, Venera"]
[Black "Reichel, Sara"]
[Result "1/2-1/2"]
[Termination "normal"]
[Board "20"]
[WhiteElo "991"]
[BlackElo "1192"]
[PlyCount "65"]
[WhiteFideId "16266226"]
[BlackFideId "16245130"]
[EventCountry "GER"]
[EventRounds "9"]
[EventType "swiss"]
[EventDate "2018.05.19"]

1. e4 c5 2. Nf3 g6 3. Bc4 Nc6 4. Nc3 Bg7 5. O-O Nf6 6. d4 cxd4 7. Nxd4 O-O 8.
Re1 Qc7 9. Be3 Ne5 10. Bb3 a6 11. h3 d6 12. a3 Rd8 13. Bf4 b5 14. Nd5 Nxd5 15.
Bxd5 Bb7 16. c3 e6 17. Bb3 d5 18. exd5 exd5 19. Nf3 Nxf3+ 20. Qxf3 Qd7 21. Re2
d4 22. Qg3 dxc3 23. bxc3 Qd3 24. Rae1 Qxg3 25. Bxg3 Bf6 26. Be5 Bxe5 27. Rxe5
Rac8 28. R1e3 Bc6 29. Re7 Bd5 30. Bxd5 Rxd5 31. Rf3 Rf8 32. h4 f5 33. Rg3
1/2-1/2

[Event "ODJM C 2018"]
[Site "Willingen GER"]
[Date "2018.05.20"]
[Round "1"]
[White "Reyher, Bastian"]
[Black "Grozea, Nicolae Theodor"]
[Result "0-1"]
[Termination "normal"]
[Board "21"]
[WhiteElo "1137"]
[BlackElo "972"]
[PlyCount "72"]
[WhiteFideId "12927465"]
[BlackFideId "16266234"]
[EventCountry "GER"]
[EventRounds "9"]
[EventType "swiss"]
[EventDate "2018.05.19"]

1. e4 e5 2. Nf3 Nc6 3. Bc4 Nf6 4. d3 d5 5. exd5 Nxd5 6. Be3 Bg4 7. Bxd5 Qxd5 8.
Nc3 Qe6 9. Qd2 Bxf3 10. gxf3 Bb4 11. a3 Ba5 12. O-O-O O-O-O 13. f4 Ne7 14. fxe5
Qxe5 15. b4 Bb6 16. Bf4 Qf6 17. Rhf1 Bd4 18. Ne4 Qe6 19. c4 f5 20. Nc5 Bxc5 21.
bxc5 Nc6 22. Rfe1 Qf6 23. Kc2 h6 24. Re3 Nd4+ 25. Kb2 Nf3+ 26. Be5 Nxe5 27. Ka2
Nxc4 28. dxc4 Rxd2+ 29. Rxd2 Rd8 30. Rde2 Rd1 31. Re8+ Rd8 32. Kb3 Rxe8 33.
Rxe8+ Kd7 34. Rb8 b6 35. Rb7 a5 36. Ka4 Qc6+ 0-1

[Event "ODJM C 2018"]
[Site "Willingen GER"]
[Date "2018.05.20"]
[Round "1"]
[White "Zinnikus, Elias"]
[Black "Borgstädt, Leif"]
[Result "1-0"]
[Termination "normal"]
[Board "22"]
[WhiteElo "944"]
[BlackElo "1175"]
[PlyCount "113"]
[WhiteFideId "16245024"]
[BlackFideId "16266153"]
[EventCountry "GER"]
[EventRounds "9"]
[EventType "swiss"]
[EventDate "2018.05.19"]

1. Nf3 d5 2. d4 Nc6 3. c4 e6 4. Nc3 Bb4 5. e3 Nf6 6. Qc2 Ne4 7. Bd3 Nxc3 8.
bxc3 Bd6 9. c5 Be7 10. O-O b6 11. Ba3 bxc5 12. dxc5 g6 13. Rab1 Bd7 14. Bb5 Rb8
15. Qa4 Ne5 16. Bxd7+ Nxd7 17. Rxb8 Qxb8 18. c6 Nc5 19. Qa5 Qb6 20. Qxb6 axb6
21. Rd1 O-O 22. Ne5 Re8 23. Nd7 Ne4 24. Bxe7 Rxe7 25. Rc1 Nd6 26. Kf1 Re8 27.
Nf6+ Kf8 28. Nxe8 Kxe8 29. Ke2 Kd8 30. Kd3 Kc8 31. a4 Kb8 32. Ra1 Nc4 33. e4
Na5 34. Kd4 Nxc6+ 35. Kd3 dxe4+ 36. Kxe4 f5+ 37. Kf4 Kc8 38. Re1 Kd7 39. Kg5
Ke7 40. Kh6 Kf6 41. Kxh7 Ne5 42. h4 Ng4 43. f3 Ne5 44. Rxe5 Kxe5 45. Kxg6 c5
46. h5 Kd5 47. h6 Kc4 48. h7 Kxc3 49. h8=Q+ Kb4 50. Qb8 c4 51. Qxb6+ Kxa4 52.
Qb2 f4 53. Kf6 e5 54. Kxe5 Ka5 55. Kd5 Ka4 56. Kxc4 Ka5 57. Qb5# 1-0

[Event "ODJM C 2018"]
[Site "Willingen GER"]
[Date "2018.05.20"]
[Round "1"]
[White "Zalomska, Nikola"]
[Black "Burger, Daiana"]
[Result "1/2-1/2"]
[Termination "normal"]
[Board "23"]
[WhiteElo "1174"]
[BlackElo "939"]
[PlyCount "59"]
[WhiteFideId "16241290"]
[BlackFideId "16217233"]
[EventCountry "GER"]
[EventRounds "9"]
[EventType "swiss"]
[EventDate "2018.05.19"]

1. d4 d5 2. Nf3 Nf6 3. Bf4 Bf5 4. e3 e6 5. Be2 Bd6 6. Bg3 Nc6 7. Nc3 O-O 8. O-O
a6 9. Nh4 Bg6 10. Nxg6 fxg6 11. f4 Ne7 12. Qd3 b5 13. Rae1 c5 14. dxc5 Bxc5 15.
Bf2 Nf5 16. e4 Bxf2+ 17. Rxf2 dxe4 18. Nxe4 Qa5 19. Nxf6+ gxf6 20. Ra1 Rfd8 21.
Qf3 Nd4 22. Qe4 f5 23. Qd3 Rac8 24. c3 Nb3 25. Qe3 Nxa1 26. Qxe6+ Kg7 27. Qe7+
Kh6 28. Qg5+ Kg7 29. Qe7+ Kg8 30. Qe6+ 1/2-1/2

[Event "ODJM C 2018"]
[Site "Willingen GER"]
[Date "2018.05.20"]
[Round "1"]
[White "Altgelt, Helene"]
[Black "Basovskiy, Michael"]
[Result "1-0"]
[Termination "normal"]
[Board "25"]
[WhiteElo "1199"]
[BlackElo "937"]
[PlyCount "57"]
[WhiteFideId "16232020"]
[BlackFideId "16258754"]
[EventCountry "GER"]
[EventRounds "9"]
[EventType "swiss"]
[EventDate "2018.05.19"]

1. e4 c5 2. Nf3 e6 3. d4 cxd4 4. Nxd4 Nf6 5. Nc3 Nc6 6. a3 Bc5 7. Be3 Qb6 8.
Ndb5 O-O 9. Bxc5 Qxc5 10. Be2 a6 11. Nd6 b5 12. O-O Rb8 13. Re1 Bb7 14. Bf3 Ne5
15. Re3 Nxf3+ 16. Rxf3 Qg5 17. Rg3 Qe5 18. Qd3 Nh5 19. Rf3 Nf4 20. Qd2 Ng6 21.
Rd1 h6 22. h3 Bc6 23. b3 Rfd8 24. Nxf7 Qc7 25. Nxd8 Rxd8 26. Rg3 Kh7 27. Qd3
Qb6 28. e5 Rf8 29. Qxg6+ 1-0

[Event "ODJM C 2018"]
[Site "Willingen GER"]
[Date "2018.05.20"]
[Round "1"]
[White "Hornstein, Leonhard"]
[Black "Foos, Vanessa"]
[Result "1-0"]
[Termination "normal"]
[Board "26"]
[WhiteElo "934"]
[BlackElo "1171"]
[PlyCount "97"]
[WhiteFideId "16254643"]
[BlackFideId "16245270"]
[EventCountry "GER"]
[EventRounds "9"]
[EventType "swiss"]
[EventDate "2018.05.19"]

1. e4 d6 2. d4 Nf6 3. Bd3 g6 4. Nc3 Bg7 5. Bf4 O-O 6. Nf3 Bg4 7. Be2 Nbd7 8.
Qd2 Bxf3 9. Bxf3 e5 10. dxe5 dxe5 11. Bg5 Nb6 12. O-O-O h6 13. Bxh6 Qxd2+ 14.
Bxd2 Nc4 15. Bg5 Nh5 16. Be2 Nd6 17. Be7 Rfe8 18. Bxd6 cxd6 19. Rxd6 Nf4 20. g3
Nxe2+ 21. Nxe2 Rac8 22. Rhd1 Re7 23. Rd8+ Rxd8 24. Rxd8+ Kh7 25. Rd5 f5 26. f3
fxe4 27. fxe4 Rf7 28. h4 Rf1+ 29. Kd2 Bh6+ 30. Kd3 Rf3+ 31. Kc4 Rf2 32. Nc3
Rxc2 33. Rd7+ Bg7 34. Rxb7 Kh6 35. g4 Bf8 36. b4 Rh2 37. h5 g5 38. Rxa7 Rh4 39.
b5 Rxg4 40. b6 Rf4 41. b7 Bd6 42. Kd5 Bb8 43. Ra8 Rf8 44. a4 g4 45. Ne2 Kxh5
46. a5 Rf2 47. Rxb8 Rxe2 48. Rh8+ Kg5 49. b8=Q 1-0

[Event "ODJM C 2018"]
[Site "Willingen GER"]
[Date "2018.05.20"]
[Round "1"]
[White "Feil, Alexander"]
[Black "Bone, Franziska"]
[Result "1-0"]
[Termination "normal"]
[Board "27"]
[WhiteElo "1361"]
[BlackElo "920"]
[PlyCount "83"]
[WhiteFideId "4002954"]
[BlackFideId "16261488"]
[EventCountry "GER"]
[EventRounds "9"]
[EventType "swiss"]
[EventDate "2018.05.19"]

1. e4 e5 2. d4 d6 3. dxe5 dxe5 4. Qxd8+ Kxd8 5. Nf3 Nc6 6. Bb5 Nf6 7. Bxc6 bxc6
8. Nxe5 Ke8 9. O-O Bb7 10. Re1 c5 11. Nc3 Rd8 12. Bg5 Be7 13. f3 h6 14. Be3 Bd6
15. Nc4 Nd7 16. Nxd6+ cxd6 17. Rad1 Nb6 18. Nb5 Nc4 19. b3 Nxe3 20. Rxe3 Ba6
21. Nc7+ Ke7 22. Nxa6 Rhe8 23. Nc7 Rf8 24. Red3 f6 25. Nb5 Kf7 26. Nxd6+ Kg6
27. Nf5 Rde8 28. Rd7 Rf7 29. Nh4+ Kh7 30. Rxf7 Kg8 31. Rdd7 Kh8 32. Rxa7 h5 33.
Ng6+ Kh7 34. Rxf6 h4 35. Nf8+ Rxf8 36. Rxf8 Kh6 37. Rh8+ Kg6 38. Rxh4 Kg5 39.
Rg4+ Kf6 40. Rgxg7 Ke6 41. f4 Kd6 42. Rg6# 1-0

[Event "ODJM C 2018"]
[Site "Willingen GER"]
[Date "2018.05.20"]
[Round "1"]
[White "Matiashvili, Alexander Michael"]
[Black "Pham, Anh Tuan"]
[Result "0-1"]
[Termination "normal"]
[Board "28"]
[WhiteElo "847"]
[BlackElo "1149"]
[PlyCount "60"]
[WhiteFideId "16266242"]
[BlackFideId "16245229"]
[EventCountry "GER"]
[EventRounds "9"]
[EventType "swiss"]
[EventDate "2018.05.19"]

1. e4 e5 2. Nf3 Nc6 3. Bc4 d6 4. c3 Bg4 5. d4 exd4 6. cxd4 Nf6 7. Bg5 h6 8.
Bxf6 Qxf6 9. Nbd2 Nxd4 10. Be2 Nxe2 11. Qxe2 c6 12. O-O Qg6 13. Rfe1 Be7 14. e5
O-O 15. Qe3 Rad8 16. exd6 Bxd6 17. Ne4 Rfe8 18. Qxa7 Rxe4 19. Rxe4 Bxf3 20. g3
Qxe4 21. Qe3 Qxe3 22. fxe3 Bc5 23. Kf2 Rd1 24. Rxd1 Bxd1 25. b3 Bh5 26. h3 f5
27. g4 fxg4 28. hxg4 Bxg4 29. Kg3 Be2 30. Kf4 g5+ 0-1

[Event "ODJM C 2018"]
[Site "Willingen GER"]
[Date "2018.05.20"]
[Round "1"]
[White "Keck, Johannes"]
[Black "Jagodzinsky, Lukas"]
[Result "1-0"]
[Termination "normal"]
[Board "29"]
[WhiteElo "1147"]
[BlackElo "840"]
[PlyCount "141"]
[WhiteFideId "16258746"]
[BlackFideId "16233255"]
[EventCountry "GER"]
[EventRounds "9"]
[EventType "swiss"]
[EventDate "2018.05.19"]

1. e4 e5 2. Nf3 Nf6 3. Nxe5 d6 4. Nf3 Nxe4 5. d4 d5 6. Bd3 Nf6 7. O-O Bd6 8.
Re1+ Be6 9. c4 O-O 10. c5 Be7 11. Ne5 Nbd7 12. h3 Nxe5 13. Rxe5 Nd7 14. Re1 b6
15. b4 bxc5 16. bxc5 c6 17. Nc3 Qc7 18. Qf3 Bh4 19. Bf4 Qd8 20. Bd6 Re8 21. Bf5
Bxf5 22. Rxe8+ Qxe8 23. Qxf5 Qe6 24. Qxe6 fxe6 25. Re1 Nf8 26. g3 Bg5 27. f4
Bf6 28. Bxf8 Kxf8 29. Rxe6 Rb8 30. Rxc6 Rb2 31. Rc8+ Kf7 32. Rc7+ Kf8 33. Rxa7
Rc2 34. Nxd5 Rc1+ 35. Kg2 Rc2+ 36. Kf3 Bxd4 37. Rc7 Ke8 38. Re7+ Kf8 39. Rc7 h6
40. Ke4 Bf2 41. g4 Bxc5 42. Kd3 Rc1 43. Kd2 Rc4 44. Kd3 Rc1 45. Nb4 Rb1 46.
Rxc5 Rxb4 47. Rc4 Rxc4 48. Kxc4 g5 49. f5 h5 50. a4 hxg4 51. hxg4 Ke7 52. a5
Kd6 53. a6 Kc7 54. f6 Kb6 55. f7 Kxa6 56. f8=R Kb6 57. Rc8 Kb7 58. Rc5 Kb6 59.
Kd5 Kb7 60. Rc1 Kb6 61. Rc2 Kb7 62. Kd6 Kb8 63. Kd7 Ka7 64. Rb2 Ka6 65. Kc6 Ka5
66. Rb8 Ka4 67. Kc5 Ka3 68. Kc4 Ka2 69. Kc3 Ka1 70. Kc2 Ka2 71. Ra8# 1-0

[Event "ODJM C 2018"]
[Site "Willingen GER"]
[Date "2018.05.22"]
[Round "4"]
[White "Wellßow, Keoki"]
[Black "Grimm, Nicola Marie"]
[Result "1/2-1/2"]
[Termination "normal"]
[Board "1"]
[WhiteElo "1490"]
[BlackElo "1439"]
[WhiteClock "00:23:39"]
[BlackClock "01:06:08"]
[PlyCount "45"]
[WhiteFideId "16251075"]
[BlackFideId "12988987"]
[EventCountry "GER"]
[EventRounds "9"]
[EventType "swiss"]
[EventDate "2018.05.19"]

1. Nf3 {[%clk 1:30:55]} 1... d5 {[%clk 1:30:50]} 2. g3 {[%clk 1:30:45]} 2...
Bf5 {[%clk 1:31:01]} 3. Bg2 {[%clk 1:30:39]} 3... Nf6 {[%clk 1:31:06]} 4. O-O {
[%clk 1:30:31]} 4... e6 {[%clk 1:28:31]} 5. d3 {[%clk 1:29:38]} 5... Bd6 {
[%clk 1:27:58]} 6. Nbd2 {[%clk 1:29:09]} 6... c6 {[%clk 1:27:55]} 7. Re1 {
[%clk 1:27:47]} 7... O-O {[%clk 1:27:11]} 8. e4 {[%clk 1:27:19]} 8... dxe4 {
[%clk 1:25:16]} 9. dxe4 {[%clk 1:26:51]} 9... Bg6 {[%clk 1:20:04]} 10. e5 {
[%clk 1:24:57]} 10... Be7 {[%clk 1:15:09]} 11. exf6 {[%clk 1:24:02]} 11... Bxf6
{[%clk 1:15:27]} 12. Ne5 {[%clk 1:15:53]} 12... Bxe5 {[%clk 1:13:15]} 13. Rxe5
{[%clk 1:13:54]} 13... Nd7 {[%clk 1:12:08]} 14. Re1 {[%clk 1:11:42]} 14... Nf6
{[%clk 1:12:03]} 15. Nc4 {[%clk 0:59:35]} 15... Qxd1 {[%clk 1:11:14]} 16. Rxd1
{[%clk 0:59:57]} 16... Bxc2 {[%clk 1:11:30]} 17. Rd2 {[%clk 0:54:55]} 17... Bg6
{[%clk 1:10:37]} 18. b3 {[%clk 0:45:30]} 18... Rad8 {[%clk 1:08:31]} 19. Ba3 {
[%clk 0:39:41]} 19... Rfe8 {[%clk 1:07:54]} 20. Rxd8 {[%clk 0:36:26]} 20...
Rxd8 {[%clk 1:08:12]} 21. Na5 {[%clk 0:33:49]} 21... Rd7 {[%clk 1:07:01]} 22.
Bf3 {[%clk 0:29:56]} 22... Nd5 {[%clk 1:06:08]} 23. Nc4 {[%clk 0:23:39]}
1/2-1/2

[Event "ODJM C 2018"]
[Site "Willingen GER"]
[Date "2018.05.22"]
[Round "4"]
[White "Noever, Jonas"]
[Black "Lohrmann, Linus"]
[Result "1-0"]
[Termination "normal"]
[Board "2"]
[WhiteElo "1204"]
[BlackElo "1369"]
[WhiteClock "00:40:25"]
[BlackClock "00:47:23"]
[PlyCount "79"]
[WhiteFideId "16266137"]
[BlackFideId "12982857"]
[EventCountry "GER"]
[EventRounds "9"]
[EventType "swiss"]
[EventDate "2018.05.19"]

1. e4 {[%clk 1:30:55]} 1... e5 {[%clk 1:30:57]} 2. Nf3 {[%clk 1:31:18]} 2...
Nc6 {[%clk 1:31:24]} 3. d4 {[%clk 1:31:29]} 3... exd4 {[%clk 1:31:50]} 4. Nxd4
{[%clk 1:31:46]} 4... d5 {[%clk 1:29:48]} 5. Bb5 {[%clk 1:30:41]} 5... Qd6 {
[%clk 1:28:29]} 6. Nc3 {[%clk 1:28:52]} 6... Nf6 {[%clk 1:28:10]} 7. Qe2 {
[%clk 1:24:10]} 7... Be7 {[%clk 1:27:15]} 8. e5 {[%clk 1:23:06]} 8... Qd7 {
[%clk 1:24:03]} 9. exf6 {[%clk 1:23:14]} 9... gxf6 {[%clk 1:24:20]} 10. Qf3 {
[%clk 1:21:13]} 10... a6 {[%clk 1:24:12]} 11. Ba4 {[%clk 1:17:54]} 11... b5 {
[%clk 1:24:35]} 12. Nxc6 {[%clk 1:18:12]} 12... bxa4 {[%clk 1:21:28]} 13. Qxd5
{[%clk 1:14:34]} 13... Bd6 {[%clk 1:20:05]} 14. Bh6 {[%clk 1:11:56]} 14... Qe6+
{[%clk 1:13:01]} 15. Ne4 {[%clk 1:00:17]} 15... Be7 {[%clk 1:12:53]} 16. Nxe7 {
[%clk 0:58:55]} 16... Kxe7 {[%clk 1:12:37]} 17. Qxa8 {[%clk 0:56:46]} 17... Qc4
{[%clk 1:10:19]} 18. Nc3 {[%clk 0:53:17]} 18... Qc5 {[%clk 0:54:44]} 19. Qf3 {
[%clk 0:50:49]} 19... a3 {[%clk 0:53:34]} 20. bxa3 {[%clk 0:49:51]} 20... Be6 {
[%clk 0:51:29]} 21. Rd1 {[%clk 0:47:58]} 21... Rg8 {[%clk 0:49:19]} 22. Nd5+ {
[%clk 0:46:18]} 22... Bxd5 {[%clk 0:47:20]} 23. Rxd5 {[%clk 0:46:09]} 23... Qc6
{[%clk 0:46:32]} 24. O-O {[%clk 0:42:06]} 24... Qe6 {[%clk 0:46:12]} 25. Rdd1 {
[%clk 0:39:24]} 25... Rd8 {[%clk 0:43:58]} 26. Rfe1 {[%clk 0:37:35]} 26... Rd6
{[%clk 0:43:33]} 27. Rxe6+ {[%clk 0:37:47]} 27... fxe6 {[%clk 0:43:50]} 28.
Rxd6 {[%clk 0:38:10]} 28... Kxd6 {[%clk 0:44:13]} 29. Qd3+ {[%clk 0:38:24]}
29... Ke7 {[%clk 0:44:22]} 30. Qxa6 {[%clk 0:38:22]} 30... Kd7 {[%clk 0:44:41]}
31. c4 {[%clk 0:38:37]} 31... c5 {[%clk 0:44:58]} 32. Qb7+ {[%clk 0:38:57]}
32... Kd6 {[%clk 0:45:13]} 33. Bf4+ {[%clk 0:39:04]} 33... e5 {[%clk 0:45:36]}
34. Qd5+ {[%clk 0:39:28]} 34... Ke7 {[%clk 0:45:56]} 35. Bh6 {[%clk 0:39:43]}
35... Ke8 {[%clk 0:45:56]} 36. Qe6+ {[%clk 0:39:44]} 36... Kd8 {[%clk 0:46:17]}
37. Qf7 {[%clk 0:39:58]} 37... Kc8 {[%clk 0:46:41]} 38. Bf8 {[%clk 0:40:20]}
38... Kb8 {[%clk 0:47:07]} 39. Bd6+ {[%clk 0:40:25]} 39... Kc8 {[%clk 0:47:23]}
40. Qc7# 1-0

[Event "ODJM C 2018"]
[Site "Willingen GER"]
[Date "2018.05.22"]
[Round "4"]
[White "Kretschmer, Sven"]
[Black "Bakalarz, Adrian"]
[Result "1-0"]
[Termination "normal"]
[Board "3"]
[WhiteElo "1201"]
[BlackElo "1206"]
[WhiteClock "00:29:24"]
[BlackClock "00:16:39"]
[PlyCount "93"]
[WhiteFideId "16234650"]
[BlackFideId "12955809"]
[EventCountry "GER"]
[EventRounds "9"]
[EventType "swiss"]
[EventDate "2018.05.19"]

1. e4 {[%clk 1:30:57]} 1... e5 {[%clk 1:30:55]} 2. Nf3 {[%clk 1:31:23]} 2...
Nf6 {[%clk 1:31:19]} 3. Nc3 {[%clk 1:31:42]} 3... Nc6 {[%clk 1:31:44]} 4. Bc4 {
[%clk 1:31:59]} 4... Nxe4 {[%clk 1:30:44]} 5. Nxe4 {[%clk 1:31:24]} 5... d5 {
[%clk 1:31:08]} 6. Bxd5 {[%clk 1:31:47]} 6... Qxd5 {[%clk 1:31:28]} 7. d3 {
[%clk 1:31:43]} 7... Bf5 {[%clk 1:11:53]} 8. Qe2 {[%clk 1:25:48]} 8... Bxe4 {
[%clk 1:02:57]} 9. Qxe4 9... Qxe4+ {[%clk 1:03:25]} 10. dxe4 {[%clk 1:18:09]}
10... Bc5 {[%clk 1:00:07]} 11. c3 {[%clk 1:09:27]} 11... O-O {[%clk 0:57:46]}
12. O-O {[%clk 1:01:45]} 12... Rad8 {[%clk 0:56:16]} 13. b4 {[%clk 0:59:36]}
13... Bd6 {[%clk 0:54:03]} 14. Be3 {[%clk 0:58:24]} 14... a6 {[%clk 0:35:17]}
15. Rfd1 {[%clk 0:46:42]} 15... h6 {[%clk 0:29:23]} 16. Nh4 {[%clk 0:44:53]}
16... Ne7 {[%clk 0:26:26]} 17. a3 {[%clk 0:41:14]} 17... b6 {[%clk 0:25:32]}
18. c4 {[%clk 0:39:23]} 18... a5 {[%clk 0:24:12]} 19. c5 {[%clk 0:39:12]} 19...
bxc5 {[%clk 0:24:40]} 20. bxc5 {[%clk 0:39:19]} 20... Bxc5 {[%clk 0:22:47]} 21.
Bxc5 {[%clk 0:38:27]} 21... Rxd1+ {[%clk 0:23:00]} 22. Rxd1 {[%clk 0:38:41]}
22... Re8 {[%clk 0:23:29]} 23. Bxe7 {[%clk 0:38:15]} 23... Rxe7 {[%clk 0:23:49]
} 24. Rd8+ {[%clk 0:37:18]} 24... Kh7 {[%clk 0:24:16]} 25. Nf5 {[%clk 0:36:19]}
25... Re6 {[%clk 0:24:36]} 26. Rd7 {[%clk 0:35:53]} 26... Rc6 {[%clk 0:24:45]}
27. h3 {[%clk 0:36:07]} 27... Rc1+ {[%clk 0:17:25]} 28. Kh2 {[%clk 0:36:08]}
28... f6 {[%clk 0:17:51]} 29. Nxg7 {[%clk 0:34:36]} 29... c5 {[%clk 0:16:18]}
30. Ne8+ {[%clk 0:33:06]} 30... Kg8 {[%clk 0:16:02]} 31. Nxf6+ {[%clk 0:33:05]}
31... Kf8 {[%clk 0:16:30]} 32. Ng4 {[%clk 0:31:52]} 32... c4 {[%clk 0:16:38]}
33. Nxe5 {[%clk 0:31:36]} 33... c3 {[%clk 0:17:02]} 34. Rc7 {[%clk 0:31:42]}
34... Ke8 {[%clk 0:17:12]} 35. Rc6 {[%clk 0:31:51]} 35... c2 {[%clk 0:17:02]}
36. f4 {[%clk 0:31:44]} 36... Ke7 {[%clk 0:16:55]} 37. f5 {[%clk 0:31:52]}
37... h5 {[%clk 0:16:40]} 38. f6+ {[%clk 0:31:57]} 38... Kf8 {[%clk 0:15:55]}
39. f7 {[%clk 0:32:11]} 39... Ke7 {[%clk 0:15:29]} 40. Rc7+ {[%clk 0:31:06]}
40... Kd8 {[%clk 0:14:55]} 41. f8=Q+ {[%clk 0:31:05]} 41... Kxc7 { [%clk
0:15:19]} 42. Qc5+ {[%clk 0:31:05]} 42... Kd8 {[%clk 0:15:19]} 43. Qd6+ { [%clk
0:29:06]} 43... Kc8 {[%clk 0:15:46]} 44. Qc6+ {[%clk 0:28:41]} 44... Kb8 {[%clk
0:16:05]} 45. Nd7+ {[%clk 0:28:43]} 45... Ka7 {[%clk 0:16:19]} 46. Qb6+ {[%clk
0:29:02]} 46... Ka8 {[%clk 0:16:39]} 47. Qb8# {[%clk 0:29:24]} 1-0